| 000 | 00940nam a22002297a 4500 | ||
|---|---|---|---|
| 005 | 2009111306196.0 | ||
| 008 | 091113t xxu||||| |||| 00| 0 eng d | ||
| 010 | _aENG-95436 | ||
| 020 |
_a9788190618625 _c250.00 |
||
| 035 | _aEN-78969 | ||
| 037 | _bDBAD/PUB | ||
| 040 | _aDPL | ||
| 245 |
_aMuslim Portraits Everyday lives in India _cEdited by Mukulika Banerjee |
||
| 260 |
_aNew Delhi _bYoda Press _c2008 |
||
| 270 |
_a35-A/1, Shahpur Jat _bNew Delhi _e110049 |
||
| 300 |
_a142p _c22 cm.(Pbk) |
||
| 700 | _aBanerjee, Mukulika | ||
| 856 | _uhttp://www.loc.gov/catdir/toc/ecip0721/2007025342.html | ||
| 942 |
_2ddc _cEN _mBAN |
||
| 999 |
_c31767 _d31767 |
||